Inclusive Conversations: (Record no. 614985)
[ view plain ]
| 000 -LEADER | |
|---|---|
| fixed length control field | 00404nam a22001217a 4500 |
| 020 ## - INTERNATIONAL STANDARD BOOK NUMBER | |
| International Standard Book Number | 9781523088805 |
| 082 ## - DEWEY DECIMAL CLASSIFICATION NUMBER | |
| Classification number | 302.35 |
| Author Mark | WIN |
| 100 ## - MAIN ENTRY--PERSONAL NAME | |
| Personal name | Winters, Mary-Frances |
| 245 ## - TITLE STATEMENT | |
| Title | Inclusive Conversations: |
| Remainder of title | Fostering Equity, Empathy, and Belonging across Differences / |
| Statement of responsibility, etc. | Mary-Frances Winters |
| 260 ## - PUBLICATION, DISTRIBUTION, ETC. | |
| Place of publication, distribution, etc. | Oakland: |
| Name of publisher, distributor, etc. | Berrett-Koehler Publishers, |
| Date of publication, distribution, etc. | 2020. |
| 300 ## - PHYSICAL DESCRIPTION | |
| Extent | xii, 198p. ; |
| 942 ## - ADDED ENTRY ELEMENTS (KOHA) | |
| Source of classification or shelving scheme | |
| Koha item type | Book |
| Withdrawn status | Lost status | Source of classification or shelving scheme | Damaged status | Not for loan | Permanent Location | Current Location | Shelving location | Date acquired | Total Checkouts | Full call number | Barcode | Date last seen | Price effective from | Koha item type |
|---|---|---|---|---|---|---|---|---|---|---|---|---|---|---|
| Central Library (CL) | Central Library (CL) | Lincoln Corner | 10/02/2025 | 302.35 WIN | LC-447 | 10/02/2025 | 10/02/2025 | Book |
